000 00718nam a2200241 a 4500
001 BRCA_3568
005 20190320204333.0
008 040809s1960----nyu#---###---#000-0#eng-#
041 _aeng
044 _anyu
050 4 _aDD256.5
_b.S55 1960
100 1 _aShirer, William Lawrence
_99265
245 1 0 _aThe rise and fall of the Third Reich
_bA history of Nazi Germany
_cby William L. Shirer.
260 _aNew York
_bSimon and Schuster
_c1960
300 _a1245 p.
_c22 cm.
500 _aIncluye índice alfabético.
500 _aB236
504 _aBibliografía: p. 1181-1191
650 1 4 _aGuerra Mundial, 1939-1945
_99266
651 4 _aAlemania
_xHistoria
_y1933-1945
_99267
902 _aGFM
942 _2lcc
_cB
999 _c3303
_d3303